| 000 | 00578nam a22002297a 4500 | ||
|---|---|---|---|
| 003 | BPGM | ||
| 008 | 260410m mx gr|||| 001 f spa d | ||
| 020 | _a968-432-282-8 | ||
| 040 | _bSPA | ||
| 041 |
_aSPA _hSPA |
||
| 082 | 0 | 4 |
_a843 _bV47 |
| 100 | _aVERNE, JULIO | ||
| 245 | _aLA ISLA MISTERIOSA | ||
| 250 | _aPURRUA | ||
| 260 |
_aMEXICO _bPORRUA _c1985 |
||
| 300 |
_a354 PAG _c22 CM X 14 CM |
||
| 336 |
_2rdacontent _atexto _btxt |
||
| 337 |
_2rdamedia _asin mediación _bn |
||
| 338 |
_2rdacarrier _avolumen _bnc |
||
| 650 |
_v843 _x800 _y40 _z3 |
||
| 942 |
_2ddc _cCONSULTA |
||
| 999 |
_c68566 _d68566 |
||